000 00475cam a2200193ua 4500
001 7483
008 141211n ii |||gr||||Z||||||ben
040 _cMAIN
041 _aben
082 _a294.5
100 _aMazumdar, S. Ch.,
_eEditor.
245 1 _aShreshrebrahmaboibartta-poran
_cEdited by Subudh Chandra Mazumdar
250 _a1st.
260 _aKolkatta:
_bDeb,
_c1974.
300 _a655p.
653 _aReligions ofIndic origin
653 _aHinduism
942 _cBK
999 _c6606
_d6606